000
00255nam a2200121Ia 4500
008
190216s9999||||xx |||||||||||||| ||und||
100
_a
Prathap Sahgal
245
0
_a
Hindi-Ashanth
260
_b
Navarang
300
_a
374
650
_a
Hindi
942
_c
BK
999
_c
16332
_d
16332